LEADER 02994nam 22004815 450 001 9910149624103321 005 20180829115937.0 010 $a3-658-13785-1 024 7 $a10.1007/978-3-658-13785-4 035 $a(CKB)3710000000934553 035 $a(DE-He213)978-3-658-13785-4 035 $a(MiAaPQ)EBC4734218 035 $a(EXLCZ)993710000000934553 100 $a20161107d2017 u| 0 101 0 $ager 135 $aurnn|008mamaa 181 $ctxt$2rdacontent 182 $cc$2rdamedia 183 $acr$2rdacarrier 200 10$aEmpirische Bildungsforschung $eDer kritische Blick und die Antwort auf die Kritiker /$fherausgegeben von Jürgen Baumert, Klaus-Jürgen Tillmann 210 1$aWiesbaden :$cSpringer Fachmedien Wiesbaden :$cImprint: Springer VS,$d2017. 215 $a1 online resource (VI, 254 S.) 225 1 $aZeitschrift für Erziehungswissenschaft - Sonderheft ;$v31 311 $a3-658-13784-3 320 $aIncludes bibliographical references at the end of each chapters. 327 $aBildungsforschung und Allgemeinbildung: Der bildungstheoretische Diskurs -- Bildungsforschung und Evidenzbasierung: Der steuerungstheoretische Diskurs -- Bildungsforschung und Erziehungswissenschaft: Der disziplinpolitische Diskurs -- Empirische Bildungsforschung und Medienöffentlichkeit: Der medienpolitische Diskurs. 330 $aIn diesem Sonderheft der ?Zeitschrift für Erziehungswissenschaft? diskutieren Protagonisten und Kritiker über Leistungen und Defizite der empirischen Bildungsforschung. Ansätze und Ergebnisse, die in den vergangenen Jahren große Aufmerksamkeit erzeugt haben, werden aufgegriffen. Und die kritischen Positionen, die Funktionen und Effekte dieser Forschung hinterfragen, werden präsentiert. Professor Dr. Jürgen Baumert war Direktor am Max-Planck-Institut für Bildungsforschung in Berlin. Professor Dr. Klaus-Jürgen Tillmann war Hochschullehrer am Fachbereich Erziehungswissenschaft der Universität Bielefeld. 410 0$aZeitschrift für Erziehungswissenschaft - Sonderheft ;$v31 606 $aEducational tests and measuremen 606 $aEducational Policy and Politics$3http://scigraph.springernature.com/things/product-market-codes/O19000 606 $aAdministration, Organization and Leadership$3http://scigraph.springernature.com/things/product-market-codes/O17000 606 $aAssessment, Testing and Evaluation$3http://scigraph.springernature.com/things/product-market-codes/O33000 615 0$aEducational tests and measuremen. 615 14$aEducational Policy and Politics. 615 24$aAdministration, Organization and Leadership. 615 24$aAssessment, Testing and Evaluation. 676 $a379 702 $aBaumert$b Jürgen$4edt$4http://id.loc.gov/vocabulary/relators/edt 702 $aTillmann$b Klaus-Jürgen$4edt$4http://id.loc.gov/vocabulary/relators/edt 906 $aBOOK 912 $a9910149624103321 996 $aEmpirische Bildungsforschung$92847747 997 $aUNINA